Железо-бетонные сооружения: краткое руководство в применении к требованиям практики с собранием примеров

書目詳細資料
主要作者: Франк В.
語言:俄语
出版: Берлин, [1900]
主題:
格式: 圖書
KOHA link:https://koha.lib.tpu.ru/cgi-bin/koha/opac-detail.pl?biblionumber=199214

MARC

LEADER 00000nam0a2200000 4500
001 199214
005 20231031184152.0
035 |a (RuTPU)RU\TPU\book\217241 
090 |a 199214 
100 |a 20110727f19001901m y0rusy50 ca 
101 1 |a rus  |c ger 
102 |a DE 
105 |a a z 001zy 
200 1 |a Железо-бетонные сооружения  |e краткое руководство в применении к требованиям практики с собранием примеров  |f В. Франк 
210 |a Берлин  |d [1900] 
215 |a 352 с.  |c ил. 
320 |a Библиогр.: с. 352. 
320 |a Предметный указатель: с. 350-352. 
610 1 |a железобетонные сооружения 
610 1 |a железобетонные плиты 
610 1 |a арматура 
610 1 |a конструкции 
610 1 |a расчеты 
610 1 |a испытания 
610 1 |a сваи 
610 1 |a балочные мосты 
610 1 |a прогибы 
675 |a 624.012  |v 3 
700 1 |a Франк  |b В. 
801 1 |a RU  |b 63413507  |c 20110727 
801 2 |a RU  |b 63413507  |c 20110919  |g RCR 
942 |c BK